Rescue means (Record no. 81557)

MARC details
000 -LEADER
fixed length control field 01017cab a22001935a 4500
001 - CONTROL NUMBER
control field L147522
008 - FIXED-LENGTH DATA ELEMENTS--GENERAL INFORMATION
fixed length control field 090519e2009 xxk f 000 0 eng d
035 ## - SYSTEM CONTROL NUMBER
System control number (Sirsi) u147522
041 0# - LANGUAGE CODE
Language code of text/sound track or separate title eng
100 1# - MAIN ENTRY--PERSONAL NAME
Personal name McClary, Samantha
245 00 - TITLE STATEMENT
Title Rescue means
260 ## - PUBLICATION, DISTRIBUTION, ETC.
Date of publication, distribution, etc. 2009
490 ## - SERIES STATEMENT
Series statement Estates Gazette
Volume/sequential designation (0918) 9 May 2009, 42-45(3)
520 ## - SUMMARY, ETC.
Summary, etc. Discusses the impact of retailer JJB Sport success in persuading creditors to vote in favour of its company voluntary arrangement (CVA). The acceptance of the CVA by 98% of JJB Sport?s creditors is seen an important test case for retailers and landlords of commercial property. Provides an explanation of what a CVA is and how it can be used. Identifies retailers who failed to persuade their creditors to accept CVAs including Powerhouse in 2007 and Stylo, the company behind the Barratt and Priceless brands.
590 ## - LOCAL NOTE (RLIN)
Local note KA
651 #4 - SUBJECT ADDED ENTRY--GEOGRAPHIC NAME
Geographic name United Kingdom
Chronological subdivision
690 ## - LOCAL SUBJECT ADDED ENTRY--TOPICAL TERM (OCLC, RLIN)
Topical term or geographic name as entry element PROPERTY-COMMERCIAL PROPERTY-COMMERCIAL LANDLORD AND TENANT-BUSINESS TENANCIES
942 ## - ADDED ENTRY ELEMENTS (KOHA)
Suppress in OPAC 0
Holdings
Withdrawn status Lost status Source of classification or shelving scheme Damaged status Not for loan Home library Current library Shelving location Date acquired Total Checkouts Full call number Barcode Date last seen Copy number Price effective from Koha item type
    Dewey Decimal Classification     London London Journal article 19/05/2009   L147522 147522-1001 06/08/2019 1 06/08/2019 Journal article